| Tag |
First Indicator |
Second Indicator |
Subfields |
| LEADER |
00000cam a2200000 4500 |
| 001 |
in00000027518 |
| 005 |
20151007062631.0 |
| 008 |
740401s1939 nyu 00000 eng u |
| 035 |
|
|
|a (OCoLC)00845996
|
| 035 |
|
|
|9 AAD5409AM
|
| 040 |
|
|
|c HEI
|d TXA
|d UtOrBLW
|
| 049 |
|
|
|a TXAM
|c [168908]
|
| 050 |
|
0 |
|a PS3505.O234
|b M3 1938
|
| 082 |
0 |
|
|a 811.5
|
| 092 |
|
|
|a 811
|b C675m
|
| 100 |
1 |
|
|a Coffin, Robert P. Tristram
|q (Robert Peter Tristram),
|d 1892-1955.
|
| 245 |
1 |
0 |
|a Maine ballads.
|
| 264 |
|
1 |
|a New York :
|b The Macmillan company,
|c 1939.
|
| 300 |
|
|
|a xiv pages, 1 ., 106 pages ;
|c 22 cm.
|
| 336 |
|
|
|a text
|b txt
|2 rdacontent
|
| 337 |
|
|
|a unmediated
|b n
|2 rdamedia
|
| 338 |
|
|
|a volume
|b nc
|2 rdacarrier
|
| 500 |
|
|
|a At head of title: Robert P. Tristram Coffin.
|
| 999 |
|
|
|a MARS
|
| 999 |
f |
f |
|s 7dba53e7-167f-340c-8e68-2b71ed4dafb1
|i 996eef1a-9d7f-334a-9ee2-8983f642e068
|t 0
|
| 952 |
f |
f |
|p ric
|a Texas A&M University
|b Rellis Campus
|c Joint Library Facility
|d Remote Storage
|t 0
|e PS3505.O234 M3 1938
|h Library of Congress classification
|i unmediated -- volume
|m A14801214235
|
| 998 |
f |
f |
|a PS3505.O234 M3 1938
|t 0
|l Remote Storage
|